LECTURES ON BANKING LAW FOR LAW STUDENTS (Record no. 23068)

MARC details
000 -LEADER
fixed length control field 00346nam a22001457a 4500
003 - CONTROL NUMBER IDENTIFIER
control field SGT
020 ## - INTERNATIONAL STANDARD BOOK NUMBER
International Standard Book Number 9789384961589
082 ## - DEWEY DECIMAL CLASSIFICATION NUMBER
Classification number 346.082
Item number KAN
100 ## - MAIN ENTRY--PERSONAL NAME
Personal name KANT , ANJANI
245 ## - TITLE STATEMENT
Title LECTURES ON BANKING LAW FOR LAW STUDENTS
250 ## - EDITION STATEMENT
Edition statement 4
260 ## - PUBLICATION, DISTRIBUTION, ETC. (IMPRINT)
Place of publication, distribution, etc ALLAHABAD
Name of publisher, distributor, etc CENTRAL LAW PUBLISHER
Year of Publication 2016
300 ## - PAGE DESCRIPTION
No. of Pages XXXII ,444
942 ## - ADDED ENTRY ELEMENTS (KOHA)
Source of classification or shelving scheme Dewey Decimal Classification
Koha item type Books
942 ## - ADDED ENTRY ELEMENTS (KOHA)
-- 11
Holdings
Withdrawn status Lost status Source of classification or shelving scheme Damaged status Not for loan Collection code Home library Current library Shelving location Date acquired Vendor Name Cost, normal purchase price SGTU Bill Number Full call number Accession No. (Barcode) Date last seen Bill Date Koha item type Total Checkouts Date last borrowed
    Dewey Decimal Classification   Not For Loan LAW SGT Science & Social Sciences Library SGT Science & Social Sciences Library Reference Book 01/08/2022 AHUJA BOOK COMPANY 290.00 SGTU 14697 346.082 KAN FL2885 01/08/2022 30/06/2022 Books    
    Dewey Decimal Classification     LAW SGT Science & Social Sciences Library SGT Science & Social Sciences Library Text Book 01/08/2022 AHUJA BOOK COMPANY 290.00 SGTU 14697 346.082 KAN FL2886 08/01/2025 30/06/2022 Books 11 04/01/2025
    Dewey Decimal Classification     LAW SGT Science & Social Sciences Library SGT Science & Social Sciences Library Text Book 01/08/2022 AHUJA BOOK COMPANY 290.00 SGTU 14697 346.082 KAN FL2887 06/11/2025 30/06/2022 Books 1 05/09/2025